Muerte y vida de las grandes ciudades
Kaydedildi:
| Yazar: | |
|---|---|
| Materyal Türü: | Kitap |
| Dil: | İspanyolca |
| Baskı/Yayın Bilgisi: |
Madrid
Capitán Swing Libros
2011
|
| Edisyon: | 1a. ed |
| Seri Bilgileri: | Colección Entrelíneas
|
| Konular: | |
| Etiketler: |
Etiketle
Etiket eklenmemiş, İlk siz ekleyin!
|
MARC
| LEADER | 00000cam a2200000 a 4500 | ||
|---|---|---|---|
| 001 | UCF0372 | ||
| 003 | CL-VaPUC | ||
| 008 | 120517e20110000SP |||||||||||||||||spa|d | ||
| 020 | |a 9788493898502 | ||
| 082 | 0 | 4 | |a 711.4 |b JAC |2 21 |
| 100 | |a Jacobs, Jane |e author |9 562141 | ||
| 245 | 1 | 0 | |a Muerte y vida de las grandes ciudades |
| 250 | |a 1a. ed | ||
| 300 | |a 487 p | ||
| 942 | |c BK | ||
| 945 | |d 20120517 00:00:00 |a cmena | ||
| 260 | |a Madrid |b Capitán Swing Libros |c 2011 | ||
| 650 | 0 | |a Urbanización |9 265706 | |
| 650 | 0 | |a Ciudades |9 265474 | |
| 650 | 0 | |a Planificación urbana |9 258176 | |
| 651 | 0 | |a Estados Unidos |9 255178 | |
| 583 | |a last modification |c 20121105 12:10:08 |k Rodrigo Vera | ||
| 490 | 0 | |a Colección Entrelíneas | |
| 999 | |c 347704 |d 347702 | ||
| 952 | |0 0 |1 0 |4 0 |6 711_400000000000000_JAC_2011 |7 0 |8 A |9 449218 |a BIBARQ |b BIBARQ |d 2019-11-22 |i 4867645 |l 7 |m 1 |o 711.4 JAC 2011 |p 4867645 |r 2025-04-30 |s 2024-10-29 |w 2019-11-22 |y BK |k ARQ | ||
| 952 | |0 0 |1 0 |4 0 |6 711_400000000000000_JAC_2011 |7 0 |8 A |9 449219 |a BIBARQ |b BIBARQ |d 2019-11-22 |i 4867653 |l 6 |m 3 |o 711.4 JAC 2011 |p 4867653 |r 2025-04-30 |s 2025-03-10 |w 2019-11-22 |y BK |k ARQ | ||
| 952 | |0 0 |1 0 |3 erb |4 0 |6 711_400000000000000_JAC_2011 |7 0 |8 A |9 449220 |a BIBING |b BIBING |i 5148022 |l 6 |m 3 |o 711.4 JAC 2011 |p 5148022 |r 2025-01-20 |s 2024-09-10 |w 2019-11-22 |y BK |z Catalogado en:20150430 |k GEO | ||